Vocabulario básico de la historia medieval / (Record no. 34793)

MARC details
000 -LEADER
campo de control de longitud fija 00688nam a2200193 i 4500
001 - NÚMERO DE CONTROL
campo de control 34793
003 - IDENTIFICADOR DE NÚMERO DE CONTROL
campo de control ES-MaACL
007 - CAMPO FIJO DE DESCRIPCIÓN FÍSICA--INFORMACIÓN GENERAL
campo de control de longitud fija t|
008 - DATOS DE LONGITUD FIJA--INFORMACIÓN GENERAL
campo de control de longitud fija 030211s1983 sp ||||1| spa d
100 1# - ENTRADA PRINCIPAL--NOMBRE DE PERSONA
Nombre de persona Bonnassie, Pierre.
9 (RLIN) 30230
245 10 - MENCIÓN DEL TÍTULO
Título Vocabulario básico de la historia medieval /
Mención de responsabilidad, etc. Pierre Bonnassie ; traducción castellana y adaptación de Manuel Sánchez Martínez.
260 ## - PUBLICACIÓN, DISTRIBUCIÓN, ETC.
Lugar de publicación, distribución, etc. Barcelona :
Nombre del editor, distribuidor, etc. Crítica,
Fecha de publicación, distribución, etc. [1983]
300 ## - DESCRIPCIÓN FÍSICA
Extensión 246 p. ;
Dimensiones 20 cm.
490 1# - MENCIÓN DE SERIE
Mención de serie Serie general. Estudios y ensayos ;
Designación de volumen o secuencia 110
700 1# - ENTRADA AGREGADA--NOMBRE PERSONAL
Nombre de persona Sánchez Martínez, Manuel.
9 (RLIN) 102765
830 0# - PUNTO DE ACCESO ADICIONAL DE SERIE-TÍTULO UNIFORME
Título uniforme Serie general. Estudios y ensayos ;
Designación de volumen o secuencia 110
9 (RLIN) 181534
852 ## - LOCALIZACIÓN
Ubicación ES-MaACL
Número de control de estantería L-6580
Sublocalización o colección R.107205
Holdings
Estatus retirado Estado de pérdida Estado de daño No para préstamo Biblioteca de origen Biblioteca actual Ubicación en estantería Fecha de adquisición Fuente de adquisición Total de préstamos Signatura topográfica completa Código de barras Visto por última vez Precio de reemplazo Tipo de ítem Koha
        Biblioteca del Ateneo de Madrid Biblioteca del Ateneo de Madrid Depósito 2 17/01/2008     L-6580 1036314 23/02/2023 23/02/2023 Libro impreso